| 000 | 00596 a2200169 4500 | ||
|---|---|---|---|
| 003 | OSt | ||
| 005 | 20240823110846.0 | ||
| 008 | 231019b |||||||| |||| 00| 0 eng d | ||
| 020 | _a9782745152688 | ||
| 040 | _coclc | ||
| 082 |
_a297.4 _bQUS/A |
||
| 100 | 1 |
_aQushayrī, ʻAbd al-Karīm ibn Hawāzin, _d986-1072 _99761 |
|
| 245 |
_aAl-Qushayri's Epistle on Sufism : _bAl-Risala al-qushayriyya fi 'ilm al-tasawwuf _cAhmad hashim salmi |
||
| 260 |
_bScientific book house, _aDar al kotob al ilmiyah: _c1971. |
||
| 300 | _a440 p | ||
| 942 |
_2ddc _cBK _h297.4 _iQUS/A _k297.4 _mQUS/A |
||
| 999 |
_c42646 _d42646 |
||